Od rodinné tradice k podnikatelskému odkazu: evoluce rodinných firem v éře inovací a umělé inteligence
Tento nový model zdôrazňuje dôležitosť prispôsobovania sa meniacim sa trhom pri súčasnom zachovaní základných hodnôt a tradícií. Zdôrazňuje kľúčovú úlohu rodinných podnikov v hospodárskom a sociálnom rozvoji, pričom spája tradíciu s inováciami pre dlhodobý rast. Integrácia umelej inteligencie je pri...
Salvato in:
| Autore principale: | |
|---|---|
| Altri autori: | |
| Natura: | Capitolo di libro |
| Lingua: | ceco |
| Soggetti: | |
| Tags: |
Nessun Tag, puoi essere il primo ad aggiungerne!!
|
MARC
| LEADER | 00000naa a2200000 4500 | ||
|---|---|---|---|
| 001 | 0303053 | ||
| 005 | 20240710123205.0 | ||
| 041 | 0 | |a cze | |
| 044 | |a CZ | ||
| 245 | 1 | 0 | |a Od rodinné tradice k podnikatelskému odkazu: evoluce rodinných firem v éře inovací a umělé inteligence |c Andrea Tomášková, Ladislava Knihová |
| 520 | |a Tento nový model zdôrazňuje dôležitosť prispôsobovania sa meniacim sa trhom pri súčasnom zachovaní základných hodnôt a tradícií. Zdôrazňuje kľúčovú úlohu rodinných podnikov v hospodárskom a sociálnom rozvoji, pričom spája tradíciu s inováciami pre dlhodobý rast. Integrácia umelej inteligencie je pripravená na ďalšie zvýšenie prevádzkovej efektívnosti a rozhodovania. Keď túto zmenu prijmeme, očakávame svetlú budúcnosť pre rodinné podniky, ktorá zabezpečí trvalý odkaz pre budúce generácie. | ||
| 610 | 2 | 0 | |a podnik rodinný |
| 610 | 2 | 0 | |a inovácia |
| 610 | 2 | 0 | |a inteligencia umelá |
| 610 | 2 | 0 | |a stratégia podnikateľská |
| 100 | 1 | |a Tomášková, Andrea | |
| 700 | 1 | |a Knihová, Ladislava | |